Normal view
MARC view
Entry Personal Name
001 - CONTROL NUMBER
- control field: 258186
003 - CONTROL NUMBER IDENTIFIER
- control field: OSt
005 - DATE AND TIME OF LATEST TRANSACTION
- control field: 20260307121851.0
008 - FIXED-LENGTH DATA ELEMENTS
- fixed length control field: 260307|| aca||aabn | a|a d
040 ## - CATALOGING SOURCE
- Original cataloging agency: OSt
- Transcribing agency: OSt
100 ## - HEADING--PERSONAL NAME
- Personal name: BHAT (Badrinath)
- Dates associated with a name: भट्ट (बद्रीनाथ)
670 ## - SOURCE DATA FOUND
- Source citation: Work cat.: (OSt)148349: BHAT (Badrinath) भट्ट (बद्रीनाथ), Gosvami Tulasidas, 1922